000 00533cam a2200193ua 4500
003 OSt
008 250315b |||||||| |||| 00| 0 eng d
041 _aeng
082 _a621.9
_bHAJ/EL
100 _aHajra Choudhury, S K .
_91299
245 _aElements of workshop technology, Vol 2 /
250 _a1 /
260 _a :
_bMedia Promoters & Publishers Pvt Ltd ,
_c1985.
300 _a648 ; .
700 1 _aBhattacharya, S C .
_91300
700 1 _aBose , S K .
_91293
700 1 _aHajra Choudhury, A K .
_91294
942 _cBK
999 _c5676
_d5676